Internationale Fussball Hall of Fame - Statistiken

Allgemein
  • Dieses Quiz wurde 302 mal gespielt
  • Das Durchschnittsergebnis liegt bei 10 aus 15
Antwortstatistiken
Bildquiz Antwort % Korrekt
Franz Beckenbauer
98%
Pele
98%
Diego Maradona
97%
Zinedine Zidane
92%
Lothar Matthäus
91%
Johann Cruyff
90%
Gerd Müller
84%
Eusebio
80%
Ferenc Puskás
67%
Garrincha
62%
Michel Platini
50%
Lev Yashin
44%
Bobby Charlton
38%
Alfredo Di Stefano
33%
Mario Zagallo
1%
Keine übereinstimmenden Quizze gefunden
Verteilung der Resultate
Anzahl Personen mit jedem Resultat
Perzentil nach korrekt beantworteten Fragen
Ihre Resultats-Entwicklung
Sie haben dieses Quiz noch nicht gespielt